Flurnamenforschung in Schlesien
| Titel: | Flurnamenforschung in Schlesien |
|---|---|
| Verfasser: | |
| In: |
Zeitschrift für Geschichte und Kulturgeschichte Schlesiens, Band 19 (1926), Seite 86-89 alle Artikel anzeigen |
| Veröffentlicht: | 1926/29 [1929] |
| Format: | Aufsatz |
| Sprache: | Deutsch |
X
alg: 39178162 001A $01999:11-11-16 001B $01999:16-05-21 $t20:14:30.000 001C $06050:19-11-16 $t09:20:27.000 001D $01999:11-11-16 001U $0utf8 001X $00 002@ $0Aox 003@ $0391781626 007A $0391781626 $aHEB 007T $0Herda04865 010@ $ager 011@ $a1926 $b1929 $n1926/29 [1929] 021A $aFlurnamenforschung in Schlesien 028A $aWinter $dKarl 031A $d19 $h86-89 $j1926 039B $aIn $8--Abvc--. Zeitschrift für Geschichte und Kulturgeschichte Schlesiens. - Opava : Zemský Archiv, 1918-2006 $x192600000190000914 $9047981504 045F $a417.7094371 $eDDC23BSB 045F/01 $a417.7 045F/03 $g4371 045F/03 $g4385 045T $a9,10 lok: 39178162 78 exp: 39178162 78 1 #EPN 201B/01 $026-11-17 $t00:51:44.000 201U/01 $0utf8 203@/01 $0787876615 208@/01 $a11-11-16 $be 209A/01 $a/ $f000 $x00 220C/01 $aTitelaufnehmer: cs 244Z/01 $2Trx $#Silesia $#Śląsk $#Sliezsko $#Slezsko $8--Trx--Schlesien $x01 $9391173987 244Z/01 $#Tschechien $#Tschechische Republik $#Tschechische Republik $#Tschechenland $#Tschechei Tschechien $#Česká Republika $#Czech Republic $#ČR $74303381-7 $8--Tg1--Tschechien $x02 $9086659812 244Z/01 $2Trx $#Böhmen $#Bohemia $#Czechy $8--Trx--Čechy $x03 $9391188941 244Z/01 $aGeschichte 1000-1929 $x04 244Z/01 $2Trx $#nimeteadus väljad $#onomastika laukai $#onomatology fields/small administrative areas $#névtan mezök $#onomastyka, grunty $#toponomastika $#toponomastika jména pomístní $8--Trx--Namenkunde$gFluren $x05 $9391383469 244Z/01 $2Trx $8--Trx--Zeitschriftenaufsatz $x06 $9391384341 245Z/01 $a11.07 $x01 247C/01 $82080>Marburg/Lahn, Herder-Institut, Forschungsbibliothek, Bibliographieportal $9336309341
| LEADER | 00000caa a22000002c 4500 | ||
|---|---|---|---|
| 001 | 391781626 | ||
| 003 | DE-603 | ||
| 005 | 20210516201430.0 | ||
| 007 | tu | ||
| 008 | 161111s19261929xx |||| | u00||u|ger c | ||
| 035 | |a (DE-599)HEB391781626 | ||
| 040 | |a DE-603 |b ger |c DE-603 |d DE-603 | ||
| 041 | |a ger | ||
| 082 | 0 | 4 | |8 1\u |a 417.7094371 |q DE-101 |2 23/BSB |
| 084 | |a 9,10 |2 ssgn | ||
| 085 | |8 1\u |b 417.7 | ||
| 085 | |8 1\u |z 2 |s 4371 | ||
| 085 | |8 1\u |z 2 |s 4385 | ||
| 100 | 1 | |a Winter, Karl | |
| 245 | 0 | 0 | |a Flurnamenforschung in Schlesien |
| 264 | 0 | |c 1926/29 [1929] | |
| 773 | 0 | 8 | |i In |t Zeitschrift für Geschichte und Kulturgeschichte Schlesiens |d Opava : Zemský Archiv, 1918-2006 |g Band 19 (1926), Seite 86-89 |w (DE-603)047981504 |w (DE-600)716156-6 |
| 924 | 0 | |9 2080 |a (DE-603)787876615 |b DE-2080 |c HES |d d |g / | |


